Statistics for Know your big cats

Click here to take the quiz!

General Stats

  • This quiz has been taken 175 times
  • The average score is 6 of 10

Answer Stats

Hint Answer % Correct
Biggest catSiberian tiger
98%
King of the jungleLion
98%
Fastest catCheetah
95%
Biggest in americaJaguar
79%
Long pointy ears with black fur tipLynx
71%
Live in the HimalayasSnow leopard
63%
Small feline of the AmazonOcelot
36%
Extinct feline with huge caninesSaber-toothed cat
33%
Both stripped and spottedServal
21%
Small feline of Central AsiaPallas's cat
7%

Score Distribution

Percentile by Number Answered

Percent of People with Each Score

Your Score History

You have not taken this quiz